Normal view
MARC view
- المرأة- البلاد الاسلامية- العراق- مصر
Entry Topical Term
001 - CONTROL NUMBER
- control field: 9965
003 - CONTROL NUMBER IDENTIFIER
- control field: JO-AjAnu
005 - DATE AND TIME OF LATEST TRANSACTION
- control field: 20230606071912.0
008 - FIXED-LENGTH DATA ELEMENTS
- fixed length control field: 230606|| aca||aabn | a|a d
040 ## - CATALOGING SOURCE
- Original cataloging agency: JO-AjAnu
- Transcribing agency: JO-AjAnu
150 ## - HEADING--TOPICAL TERM
- Topical term or geographic name entry element: المرأة- البلاد الاسلامية- العراق- مصر
670 ## - SOURCE DATA FOUND
- Source citation: Work cat.: (JO-AjAnu)5136: علي، وفاء محمد, author 9964, نفوذ النساء في الدولة الإسلامية في العراق ومصر